El derecho a la educación. Una metodología para la reconstrucción de ambientes escolares afectados por desastres naturales en Colombia.

Saved in:
Bibliografiske detaljer
Hovedforfatter: Córdoba, Mario
Format: Bog
Sprog:Spanish
Udgivet: Colombia: Ministerio de Educación Nacional, Organización Internacional para las Migraciones - OIM, 2012
Fag:
Online adgang:Enlace del recurso
Tags: Tilføj Tag
Ingen Tags, Vær først til at tagge denne postø!

MARC

LEADER 00000nam a22000007a 4500
003 OSt
005 20170919144433.0
008 170919b2012 ck ||||| |||| 00| 0 spa d
020 |a 9789588469690 
040 |c CNA-IDEP 
082 |a 323.4  |b C796 
100 |a Córdoba, Mario  |9 4839 
245 1 0 |a El derecho a la educación.  |b Una metodología para la reconstrucción de ambientes escolares afectados por desastres naturales en Colombia.  |c Mario Córdoba 
260 |a Colombia:  |b Ministerio de Educación Nacional,  |b Organización Internacional para las Migraciones - OIM,  |c 2012 
300 |a 120 p.  |b Ilustraciones 
504 |a Incluye Bibliografía 
650 |a Derecho   |x Aspectos jurídicos  |9 4840 
650 |a Educación  |x Aspectos jurídicos  |9 4841 
650 |a Sistemas de enseñanza   |x Planificación  |9 4842 
942 |2 ddc  |c BK 
999 |c 5554  |d 5554 
856 |u https://catalogo.idep.edu.co/cgi-bin/koha/opac-detail.pl?biblionumber=5554  |z Enlace del recurso